League One 25/26 - Statistics

General Stats
  • This quiz has been taken 11 times
  • The average score is 21 of 24
Answer Stats
Hint Answer % Correct
4 Bolton
100%
6 Burton
100%
7 Cardiff
100%
9 Exeter
100%
12 Lincoln
100%
16 Peterborough
100%
17 Plymouth
100%
18 Port Vale
100%
21 Stevenage
100%
22 Stockport
100%
23 Wigan
100%
24 Wycombe
100%
1 AFC Wimbledon
80%
5 Bradford
80%
8 Doncaster
80%
13 Luton
80%
14 Mansfield
80%
15 Northampton
80%
20 Rotherham
80%
2 Barnsley
60%
3 Blackpool
60%
10 Huddersfield
60%
11 Leyton Orient
60%
19 Reading
60%
No matching quizzes found
Score Distribution
Percent of People with Each Score
Percentile by Number Answered
Your Score History
You have not taken this quiz